I když se nikdo nedívá : fundamentální otázky etického vychovatelství /

Uložené v:
Podrobná bibliografia
Hlavný autor: Hábl, Jan, 1975-
Médium: Kniha
Jazyk:Czech
Vydané: Červený Kostelec : Pavel Mervart, 2015.
Vydanie:[1. vyd.]
Témy:
ISBN: 9788074651878 (brož.)
Fyzický popis: 185 s. ; 19 cm.
Tagy: Pridať tag
Žiadne tagy, Buďte prvý kto otaguje tento záznam!

MARC

LEADER 00000nam a2200000 i 4500
001 000500310
005 20160801075003.0
008 160226s2015 xr e 001 0 cze d
020 |a 9788074651878 (brož.) 
040 |a SVKKK  |b slo  |c SVKKK  |e AACR2 
041 0 |a cze  |b eng 
044 |a xr  |c CZ 
072 7 |a 159.9  |x Psychológia  |2 konspekt 
072 7 |a 37.016  |x Učebné osnovy. Vyučovacie predmety. Učebnice  |2 konspekt 
080 |a 37.034  |2 2011 
080 |a 17.022.1  |2 2011 
080 |a 159.95  |2 2011 
080 |a 17  |2 2011 
080 |a (048.8)  |2 2011 
100 1 |a Hábl, Jan,  |d 1975- 
245 1 0 |a I když se nikdo nedívá :  |b fundamentální otázky etického vychovatelství /  |c Jan Hábl. 
250 |a [1. vyd.] 
260 |a Červený Kostelec :  |b Pavel Mervart,  |c 2015. 
300 |a 185 s. ;  |c 19 cm. 
500 |a Slovník 
504 |a Bibl. odkazy; bibliografia: s. [173]-182; menný register: s. [183]-184 
546 |a Resumé angl. 
650 0 7 |a etická výchova  |2 SVKKKPH 
650 0 7 |a morálne hodnoty  |2 SVKKKPH 
650 0 7 |a ľudské správanie  |x etické a morálne aspekty  |2 SVKKKPH 
655 7 |a monografie  |2 SVKKKPH 
910 |a svkkk 
919 |a 978-80-7465-187-8 
998 |a BK 
090 |g SCKHL  |k Sklad Hlavná 10 prízemie  |a I.83431  |j 1071602  |i 2720340466  |s Absenčne